| 000 | 00754nam1a22002171i 4500 | ||
|---|---|---|---|
| 001 | rc\2665395 | ||
| 005 | 20240726051447.0 | ||
| 035 | _a(NLR Aleph) 006971984 | ||
| 090 |
_a5449736 _c5449736 |
||
| 100 | _a20110618d1932 |||y0rusy50 ca | ||
| 101 | 0 | _arus | |
| 102 | _aRU | ||
| 105 | _ay z ||||| | ||
| 200 | 1 |
_aСтроительные материалы _eЧ. 1- _fпроф. Б.Г. Скрамтаев |
|
| 210 |
_aМосква _aЛенинград _cГосстройиздат _d1932 _e[Калуга] _gтип. Мособлполиграфа |
||
| 215 | _d22×15 см | ||
| 700 | 1 |
_aСкрамтаев _bБ.Г. _f1905-1966 _gБорис Григорьевич |
|
| 801 | 0 |
_aRU _bNLR _gpsbo |
|
| 801 | 1 |
_aRU _bELAR _2rusmarc |
|
| 852 |
_aNLR _j32-18/762(1) |
||
| 942 | _cBOOK | ||